| 000 | 00613nam a22002177a 4500 | ||
|---|---|---|---|
| 003 | SISC | ||
| 005 | 20160404101419.0 | ||
| 008 | 130903t xxu||||| |||| 00| 0 eng d | ||
| 050 |
_aHQ 766.3 _b.B622 1992 |
||
| 082 |
_aHS 282 _bB12 1992 |
||
| 100 |
_aBacani, Teodoro C. _916402 |
||
| 245 |
_aThe church and birth control / _cTeodoro C. Bacani. |
||
| 260 |
_aCardinal Jaime L. Sin : _bArchbishop of Manila, _cc1992. |
||
| 300 |
_a122 p. ; _c20 cm. |
||
| 504 | _aincludes bibliography. | ||
| 562 | _e1 | ||
| 650 |
_aChurch _916403 |
||
| 650 |
_aBirth control _911873 |
||
| 942 |
_2lcc _cBK |
||
| 999 |
_c10303 _d10303 |
||